Maloobchodné reťazce v Slovenskej republike bakalárska práca

Salvato in:
Dettagli Bibliografici
Autore principale: Hecl, Ján
Ente Autore: Obchodná fakulta EU. Katedra marketingu
Altri autori: Rehák, Róbert, 1984-
Natura: Libro
Lingua:slovacco
Pubblicazione: Bratislava 2014
Tags: Aggiungi Tag
Nessun Tag, puoi essere il primo ad aggiungerne!!

MARC

LEADER 00000nbm a2200000 4500
001 0188194
005 20170201100429.7
041 0 |a slo 
044 |a SK 
245 1 0 |a Maloobchodné reťazce v Slovenskej republike  |b bakalárska práca  |c Ján Hecl ; školiteľ: Róbert Rehák 
264 1 |a Bratislava  |c 2014 
300 |a 58 s. 
100 1 |a Hecl, Ján 
700 1 |a Rehák, Róbert, 1984- 
710 2 |a Obchodná fakulta EU. Katedra marketingu